000 00682cam a2200205 4500
001 WB3546-38
008 000000n1999 000 0 eng u
035 _a(Sirsi) u102857
245 _aLaw firms concern over limited laibility
260 _c1999
490 _aFinancial Times
_v25 November 1999, 5(1)
520 _aLeading law firms raise concerns about disclosure requirements stemming from the bill introducing limited liability partnerships.
590 _aWB
650 _aLAW FIRMS
650 _aLIMITED LIABILITY
650 _aDISCLOSURE
650 _aLIMITED LIABILITY PARTNERSHIPS
690 _aMANAGEMENT-BUSINESS MANAGEMENT-PROFESSIONAL PRACTICE
942 _n0
999 _c61821
_d61821